Regionální účty - experimentální stanovení disparity bohatství evropských regionů

Rozšírenie Európskej únie prinesie radu ťažkostí. Snaha pomôcť menej vyspelým krajinám, oblastiam a regiónom. Snaha o vyrovnaný hospodársky rast, stabilitu a zvyšovanie životnej úrovne. Regionálne účty poskytujú harmonizované makroekonomické údaje o regiónoch členských a kandidátskych krajín. NUTS (...

Full description

Saved in:
Bibliographic Details
Main Author: Chlad, Miloslav
Format: Book Chapter
Language:Czech
Subjects:
Tags: Add Tag
No Tags, Be the first to tag this record!

MARC

LEADER 00000naa$a2200000$$$4500
001 0024139
005 20231013081043.1
041 0 |a cze 
044 |a SK 
245 1 0 |a Regionální účty - experimentální stanovení disparity bohatství evropských regionů  |c Miloslav Chlad 
520 |a Rozšírenie Európskej únie prinesie radu ťažkostí. Snaha pomôcť menej vyspelým krajinám, oblastiam a regiónom. Snaha o vyrovnaný hospodársky rast, stabilitu a zvyšovanie životnej úrovne. Regionálne účty poskytujú harmonizované makroekonomické údaje o regiónoch členských a kandidátskych krajín. NUTS (Nomenclature of territorial statistical units) - Klasifikácia územných statistických jednotiek. Regionálny HDP a jeho slabiny. Disponibilné príjmy - dôchodky domácností. Druhá fáza zblíženia. 
610 2 0 |a Európska únia 
610 2 0 |a regióny 
610 2 0 |a účty 
610 2 0 |a produkt domáci hrubý 
610 2 0 |a produkt regionálny 
610 2 0 |a dôchodky 
610 2 0 |a domácnosti 
610 2 0 |a prerozdeľovanie zdrojov finančných 
100 1 |a Chlad, Miloslav